[Event "Canada int. ch U2100"]
[Site "Longueuil CAN"]
[Date "2019.10.13"]
[Round "5.22"]
[White "Jensen-Lynch, Jonathan"]
[Black "Landry, Sylvain"]
[Result "0-1"]
[WhiteElo "1661"]
[BlackElo "1752"]
[PlyCount "72"]
[EventDate "2019.10.11"]
[EventType "swiss"]
[EventRounds "5"]
[EventCountry "CAN"]

1. d4 g6 2. Bf4 Bg7 3. Nc3 d6 4. e4 Nd7 5. Nf3 c5 6. d5 Ngf6 7. Qd2 O-O 8. Bh6
a6 9. Bxg7 Kxg7 10. a4 Qc7 11. h4 h5 12. Be2 Rb8 13. Nh2 Ne5 14. f3 Rh8 15. Nd1
b5 16. axb5 axb5 17. Ne3 Bd7 18. c4 bxc4 19. Nxc4 Nxc4 20. Bxc4 Bb5 21. Bxb5
Rxb5 22. O-O Rhb8 23. Rf2 Qb6 24. Ra2 Rb4 25. g4 Rd4 26. Qg5 hxg4 27. Nxg4 Nxg4
28. Qxg4 Qb4 29. Ra1 Rd2 30. Raf1 Qd4 31. h5 Rbxb2 32. hxg6 fxg6 33. Qh4 Qf6
34. Qh2 Qg5+ 35. Kh1 Rxf2 36. Qh3 Rxf1+ 0-1

[Event "Canada int. ch U2100"]
[Site "Longueuil CAN"]
[Date "2019.10.13"]
[Round "5.23"]
[White "Baran, Marius"]
[Black "Hernandez, Juan Felipe"]
[Result "0-1"]
[WhiteElo "1640"]
[BlackElo "1621"]
[PlyCount "106"]
[EventDate "2019.10.11"]
[EventType "swiss"]
[EventRounds "5"]
[EventCountry "CAN"]

1. e4 e6 2. d4 d5 3. Nd2 c5 4. exd5 Qxd5 5. dxc5 Nf6 6. Ngf3 Bxc5 7. Bb5+ Nc6
8. Bxc6+ Qxc6 9. O-O O-O 10. Nb3 Bb6 11. Qe2 Bc7 12. Bg5 Qe4 13. Rfe1 Qxe2 14.
Rxe2 b6 15. Ne5 Ba6 16. Ree1 Rfd8 17. Bxf6 gxf6 18. Ng4 f5 19. Nf6+ Kg7 20.
Nh5+ Kg6 21. Ng3 Rac8 22. c3 Rd3 23. Rad1 Rcd8 24. Rxd3 Rxd3 25. Ne2 Bc4 26.
Nbc1 Rd2 27. b3 Bxe2 28. Nxe2 Rxa2 29. g3 Rd2 30. Kf1 a5 31. Rb1 Bd6 32. b4
axb4 33. cxb4 Be5 34. b5 Kf6 35. Rb4 Rb2 36. Rxb2 Bxb2 37. Nf4 Ke7 38. Nd3 Bc3
39. Ke2 Kd6 40. Nf4 Kc5 41. Kd3 Be5 42. Ne2 Kxb5 43. f4 Bf6 44. h3 h5 45. Ng1
Kc5 46. Nf3 b5 47. Kc2 Kd5 48. Kd3 b4 49. Nd2 Bc3 50. Nc4 Be1 51. Ne3+ Kc5 52.
g4 fxg4 53. hxg4 h4 0-1

[Event "Canada int. ch U2100"]
[Site "Longueuil CAN"]
[Date "2019.10.13"]
[Round "5.24"]
[White "Couture, Conrad"]
[Black "Adam, Rafael"]
[Result "1/2-1/2"]
[WhiteElo "1906"]
[BlackElo "1394"]
[PlyCount "120"]
[EventDate "2019.10.11"]
[EventType "swiss"]
[EventRounds "5"]
[EventCountry "CAN"]

1. c4 c5 2. Nc3 Nc6 3. e3 Nf6 4. a3 e5 5. Qc2 d6 6. Nf3 h6 7. Be2 Be7 8. O-O
O-O 9. Rd1 Bg4 10. h3 Bh5 11. Rb1 a5 12. d3 Bg6 13. Nd5 Nxd5 14. cxd5 Nb8 15.
b4 axb4 16. axb4 b6 17. bxc5 bxc5 18. Rb7 Nd7 19. Bd2 Qc8 20. Qb2 Rb8 21. Rb1
Re8 22. e4 Rxb7 23. Qxb7 Nf6 24. Bd1 Bf8 25. Ba5 Qxb7 26. Rxb7 Ra8 27. Bc3 Ne8
28. Nd2 f5 29. f3 f4 30. Nc4 Bf7 31. Bc2 g5 32. Nb6 Ra6 33. Bb3 h5 34. Bc4 Ra3
35. Bb2 Ra5 36. Nd7 Ra8 37. Nb8 Kg7 38. Nc6 Kf6 39. Bc3 Bg7 40. Ba5 Bf8 41.
Bd8+ Kg6 42. Bxg5 Kxg5 43. Rxf7 Nf6 44. h4+ Kg6 45. Ra7 Rxa7 46. Nxa7 Kf7 47.
Ba6 Nd7 48. Bc8 Nb6 49. Be6+ Kg6 50. Nc6 Na4 51. Kf2 Nb2 52. Ke2 Kf6 53. Kd2
Na4 54. Bf5 Kg7 55. Bd7 Nb6 56. Be8 Kh6 57. Nd8 Be7 58. Nf7+ Kg7 59. Ng5 Kh6
60. Nf7+ Kg7 1/2-1/2

[Event "Capablanca"]
[Site "Quebec CAN"]
[Date "2019.01.16"]
[Round "1"]
[White "Potvin, Alain-Nicolas"]
[Black "Bernatchez, Dan"]
[Result "0-1"]
[WhiteElo "1719"]
[BlackElo "1975"]
[PlyCount "96"]
[EventDate "2019.01.16"]
[EventType "swiss"]
[EventRounds "5"]
[EventCountry "CAN"]

1. d4 Nf6 2. Nf3 e6 3. e3 b6 4. Bd3 Ba6 5. c4 d5 6. Nbd2 Bb7 7. O-O Bd6 8. b3
O-O 9. Bb2 Ne4 10. Rc1 Nd7 11. Ne5 Nxd2 12. Qxd2 Bxe5 13. dxe5 Nc5 14. Bb1 dxc4
15. Qc2 Qd3 16. bxc4 Qxc2 17. Bxc2 Rfd8 18. Rfd1 Na6 19. Ba3 c5 20. f3 Kf8 21.
Rd6 Rxd6 22. exd6 Rd8 23. Rd1 Nb8 24. Ba4 Ba6 25. Bb5 Bxb5 26. cxb5 Nd7 27. Bb2
f6 28. a4 Kf7 29. e4 e5 30. g3 g5 31. Kf2 Ke6 32. Ke3 Nf8 33. f4 gxf4+ 34. gxf4
exf4+ 35. Kxf4 Ng6+ 36. Kg4 Ne5+ 37. Kh5 Nc4 38. Bc1 Nxd6 39. Re1 Nf7 40. Rg1
Rd4 41. Rg7 Rxe4 42. Rxh7 Rxa4 43. h3 Rb4 44. Kg6 Rb3 45. Bf4 Ne5+ 46. Bxe5
fxe5 47. Rxa7 Rg3+ 48. Kh5 Rxh3+ 0-1

[Event "Capablanca"]
[Site "Quebec CAN"]
[Date "2019.01.16"]
[Round "1"]
[White "Provost, Andre"]
[Black "Dube, Daniel"]
[Result "0-1"]
[WhiteElo "1458"]
[BlackElo "1894"]
[PlyCount "54"]
[EventDate "2019.01.16"]
[EventType "swiss"]
[EventRounds "5"]
[EventCountry "CAN"]

1. e4 g6 2. Bc4 Bg7 3. f4 c6 4. Qf3 e6 5. Ne2 d5 6. Bb3 dxe4 7. Qxe4 Nf6 8. Qf3
Nbd7 9. O-O Nc5 10. Nbc3 O-O 11. d4 Nxb3 12. axb3 Nd5 13. Nxd5 Qxd5 14. Qf2 Qe4
15. c3 b5 16. Ng3 Qd5 17. b4 h5 18. Bd2 h4 19. Nh1 Bf6 20. Rae1 Bb7 21. Re5
Bxe5 22. fxe5 Qd8 23. Qe3 f6 24. Qh6 Rf7 25. Qxg6+ Rg7 26. Qh6 c5 27. g3 Qd5
0-1

[Event "Choc des Generations"]
[Site "Montreal CAN"]
[Date "2019.03.29"]
[Round "1.1"]
[White "Masse, Hugues"]
[Black "Zhong, Kevin"]
[Result "1-0"]
[WhiteElo "2162"]
[BlackElo "1967"]
[PlyCount "75"]
[EventDate "2019.03.29"]
[EventType "schev"]
[EventRounds "5"]
[EventCountry "CAN"]

1. e4 c5 2. Nf3 Nc6 3. d4 cxd4 4. Nxd4 Nf6 5. Nc3 d6 6. Bg5 e6 7. Qd2 a6 8.
O-O-O Bd7 9. f3 Be7 10. Be3 h5 11. Kb1 Qc7 12. Nxc6 Bxc6 13. Ne2 d5 14. e5 Nd7
15. f4 Nc5 16. Nd4 Ne4 17. Qe1 Bc5 18. Nb3 Be7 19. Bd3 O-O-O 20. Qg1 Kb8 21.
Bb6 Qc8 22. Bxd8 Rxd8 23. Qb6 Qc7 24. Qxc7+ Kxc7 25. Bxe4 dxe4 26. Rxd8 Bxd8
27. Re1 g5 28. Nd4 gxf4 29. Nxc6 Kxc6 30. Rxe4 Bg5 31. c4 Kd7 32. Kc2 Ke7 33.
Rd4 Bh6 34. Kd3 Bg7 35. Ke4 f6 36. Rd6 f5+ 37. Kd4 h4 38. h3 1-0

[Event "Choc des Generations"]
[Site "Montreal CAN"]
[Date "2019.03.29"]
[Round "1.2"]
[White "Lopez Linares, Lizandro"]
[Black "Ouellet, Maili-Jade"]
[Result "1/2-1/2"]
[WhiteElo "2100"]
[BlackElo "2086"]
[PlyCount "104"]
[EventDate "2019.03.29"]
[EventType "schev"]
[EventRounds "5"]
[EventCountry "CAN"]

1. d4 d5 2. Nf3 e6 3. c4 c6 4. Qc2 dxc4 5. Qxc4 Nf6 6. g3 b5 7. Qc2 Bb7 8. Bg2
Nbd7 9. Nc3 c5 10. O-O b4 11. Na4 Rc8 12. dxc5 Nxc5 13. Bd2 Bxf3 14. Bxf3 Nce4
15. Bc3 Qd5 16. Rfd1 Qc4 17. b3 Qc6 18. Rd4 bxc3 19. Bxe4 Nxe4 20. Rxe4 Qb7 21.
Rd1 Be7 22. Nxc3 O-O 23. Rc4 Rxc4 24. bxc4 Qb4 25. Na4 Rc8 26. c5 g6 27. Rc1
Rc6 28. Rb1 Qd4 29. e3 Qe5 30. Rc1 h5 31. h4 Qc7 32. Qc4 Kg7 33. Kf1 Kg8 34. a3
Qe5 35. Ke2 Qc7 36. Rc2 Qe5 37. Qd4 Qf5 38. Qc4 Qe5 39. Qb5 Qc7 40. Rc4 Qc8 41.
Rc1 Qc7 42. Rb1 Kg7 43. Qb2+ Kh7 44. Rc1 Kg8 45. Qb5 Qc8 46. Rc4 Qc7 47. Rb4
Kg7 48. Rc4 Kg8 49. Qb2 Qc8 50. Rb4 Qa6+ 51. Kf3 Bxc5 52. Nxc5 Rxc5 1/2-1/2

[Event "Choc des Generations"]
[Site "Montreal CAN"]
[Date "2019.03.29"]
[Round "1.3"]
[White "Tanaka, Tyler"]
[Black "Tremblay, Rejean"]
[Result "0-1"]
[WhiteElo "1951"]
[BlackElo "2146"]
[PlyCount "74"]
[EventDate "2019.03.29"]
[EventType "schev"]
[EventRounds "5"]
[EventCountry "CAN"]

1. e4 c5 2. Nf3 d6 3. d4 cxd4 4. Nxd4 Nf6 5. Nc3 a6 6. Bg5 e6 7. f4 b5 8. a3
Nbd7 9. Be2 Bb7 10. Bf3 Qb6 11. Qd2 Be7 12. O-O-O O-O 13. Rhe1 h6 14. Bxf6 Bxf6
15. Kb1 Nc5 16. f5 b4 17. axb4 Qxb4 18. Na2 Qb6 19. c3 Rfb8 20. Re2 e5 21. Nc2
Bxe4 22. b4 Bxf3 23. gxf3 Qc6 24. Rg1 Qxf3 25. Reg2 Kh7 26. Qxd6 Ne4 27. Qc7
Rb7 28. Qc4 a5 29. Kb2 Nd6 30. Qc5 axb4 31. Ncxb4 Ne4 32. Qd5 Rxa2+ 33. Qxa2
Qxc3+ 34. Kb1 Rxb4+ 35. Rb2 Nd2+ 36. Ka1 Rxb2 37. Qxb2 Qa5+ 0-1

[Event "Choc des Generations"]
[Site "Montreal CAN"]
[Date "2019.03.29"]
[Round "1.4"]
[White "Durette, Francis"]
[Black "Nikulich, Oleksandr"]
[Result "1/2-1/2"]
[WhiteElo "2011"]
[BlackElo "1986"]
[PlyCount "74"]
[EventDate "2019.03.29"]
[EventType "schev"]
[EventRounds "5"]
[EventCountry "CAN"]

1. Nf3 d5 2. c4 e6 3. d4 Nf6 4. g3 Be7 5. Bg2 O-O 6. O-O c6 7. b3 Nbd7 8. Nbd2
Qa5 9. Bb2 Rd8 10. Qc2 Nf8 11. Ne5 c5 12. dxc5 Bxc5 13. Nd3 Be7 14. e4 dxe4 15.
Nxe4 Nxe4 16. Bxe4 Qc7 17. Nf4 Bd6 18. Ne2 Bd7 19. Qc3 f6 20. Nd4 Be8 21. Rad1
a6 22. b4 Be5 23. Qb3 Bf7 24. f4 Bxd4+ 25. Bxd4 Rac8 26. Bc5 b6 27. Bxf8 Kxf8
28. Qc2 Rxd1 29. Rxd1 h6 30. Rc1 e5 31. Bf5 Rd8 32. c5 exf4 33. cxb6 Qxb6+ 34.
Qc5+ Rd6 35. Qxb6 Rxb6 36. Rc8+ Ke7 37. Rc7+ Kf8 1/2-1/2

[Event "Choc des Generations"]
[Site "Montreal CAN"]
[Date "2019.03.29"]
[Round "1.5"]
[White "Li, Yi Lin"]
[Black "Soudre, Nicolas"]
[Result "0-1"]
[WhiteElo "1924"]
[BlackElo "2067"]
[PlyCount "56"]
[EventDate "2019.03.29"]
[EventType "schev"]
[EventRounds "5"]
[EventCountry "CAN"]

1. e4 e5 2. Nf3 Nc6 3. Bb5 a6 4. Ba4 Nf6 5. O-O Be7 6. Re1 b5 7. Bb3 O-O 8. c3
d5 9. exd5 Nxd5 10. Nxe5 Nxe5 11. Rxe5 c6 12. d4 Bd6 13. Re1 Qh4 14. g3 Qh3 15.
Qf3 Bg4 16. Qg2 Qh5 17. c4 Rae8 18. Be3 Bh3 19. Qh1 Nf4 20. Qxc6 Ne2+ 21. Rxe2
Qxe2 22. Nc3 Qxb2 23. Rb1 Qxc3 24. c5 Rxe3 25. fxe3 Qxe3+ 26. Kh1 Bf5 27. Bd5
Bxc5 28. Rf1 Bxd4 0-1

[Event "Choc des Generations"]
[Site "Montreal CAN"]
[Date "2019.03.30"]
[Round "2.1"]
[White "Li, Yi Lin"]
[Black "Lopez Linares, Lizandro"]
[Result "1/2-1/2"]
[WhiteElo "1924"]
[BlackElo "2100"]
[PlyCount "67"]
[EventDate "2019.03.29"]
[EventType "schev"]
[EventRounds "5"]
[EventCountry "CAN"]

1. e4 d5 2. exd5 Qxd5 3. Nc3 Qa5 4. d4 c6 5. h3 Nf6 6. Bc4 h5 7. Nf3 Bf5 8. Bd2
e6 9. d5 Qc5 10. Qe2 cxd5 11. Bb5+ Nc6 12. O-O Be7 13. Ne5 Rd8 14. Na4 Qd4 15.
Nxc6 bxc6 16. Bxc6+ Kf8 17. Ba5 Rb8 18. Bc3 Qe4 19. Qxe4 Nxe4 20. Bd4 Rc8 21.
Bb5 Nc5 22. c3 Nxa4 23. Bxa4 Bc5 24. Rac1 f6 25. f4 Ke7 26. Kf2 Kd6 27. Ke3 h4
28. Bc2 g6 29. Bd3 Rc7 30. b4 Bxd4+ 31. cxd4 Rb8 32. Rxc7 Kxc7 33. Rc1+ Kd6 34.
a3 1/2-1/2

[Event "Choc des Generations"]
[Site "Montreal CAN"]
[Date "2019.03.30"]
[Round "2.2"]
[White "Tremblay, Rejean"]
[Black "Durette, Francis"]
[Result "1-0"]
[WhiteElo "2146"]
[BlackElo "2011"]
[PlyCount "93"]
[EventDate "2019.03.29"]
[EventType "schev"]
[EventRounds "5"]
[EventCountry "CAN"]

1. e4 d6 2. d4 g6 3. Nf3 Bg7 4. Bc4 Nf6 5. Qe2 O-O 6. O-O c6 7. Bb3 Bg4 8. h3
Bxf3 9. Qxf3 e5 10. dxe5 dxe5 11. Rd1 Qe7 12. Bg5 Na6 13. c3 Nc5 14. Bc2 Ne6
15. Be3 Nh5 16. g3 b6 17. Nd2 Rad8 18. a4 Rd7 19. b4 c5 20. b5 Nc7 21. Kh2 a6
22. bxa6 Nxa6 23. Rdb1 Rb8 24. Ra2 Rd6 25. Qe2 Qa7 26. Rab2 Nf6 27. Bd3 Nc7 28.
Nc4 Rc6 29. Nxe5 Re6 30. f4 Qxa4 31. Bxc5 Ra8 32. Bxb6 Nfe8 33. Rb4 Qa2 34.
R1b2 Qa1 35. Bxc7 Nxc7 36. Bc4 Bxe5 37. Bxe6 Bxc3 38. Bxf7+ Kg7 39. Rb1 Qa5 40.
Rb7 Kxf7 41. Qc4+ Kf8 42. Rxc7 Qa2+ 43. Qxa2 Rxa2+ 44. Kh1 Ra1 45. Rxa1 Bxa1
46. Rxh7 Bg7 47. Rxg7 1-0

[Event "Choc des Generations"]
[Site "Montreal CAN"]
[Date "2019.03.30"]
[Round "2.3"]
[White "Soudre, Nicolas"]
[Black "Tanaka, Tyler"]
[Result "1-0"]
[WhiteElo "2067"]
[BlackElo "1951"]
[PlyCount "103"]
[EventDate "2019.03.29"]
[EventType "schev"]
[EventRounds "5"]
[EventCountry "CAN"]

1. e4 c5 2. Nf3 g6 3. d4 cxd4 4. Nxd4 Nc6 5. c4 Bg7 6. Be3 Nf6 7. Nc3 O-O 8.
Be2 d6 9. O-O Bd7 10. f3 Nxd4 11. Bxd4 a5 12. b3 Bc6 13. Qd2 Nd7 14. Be3 Nc5
15. Rac1 e6 16. Rfd1 Be5 17. g3 Qe7 18. Nb5 b6 19. Nd4 Bb7 20. Bf1 Rad8 21. Qf2
f5 22. exf5 gxf5 23. Ne2 Qg7 24. Bg2 Rfe8 25. Rd2 Bf6 26. Rcd1 Qc7 27. Nd4 Bxd4
28. Bxd4 e5 29. Be3 Qc6 30. Bxc5 bxc5 31. Qe3 Qc7 32. Qg5+ Qg7 33. Qxg7+ Kxg7
34. Rxd6 Rxd6 35. Rxd6 Re7 36. Kf2 f4 37. Rb6 Rd7 38. Ke2 Kf7 39. Rb5 a4 40.
Rxc5 axb3 41. axb3 Kf6 42. Rb5 Ba8 43. Rb6+ Kg5 44. Re6 Rb7 45. Rxe5+ Kf6 46.
Ra5 Re7+ 47. Kf2 Bb7 48. Rb5 Rd7 49. gxf4 Rd2+ 50. Kg3 Bc8 51. Bh3 Bxh3 52.
Kxh3 1-0

[Event "Choc des Generations"]
[Site "Montreal CAN"]
[Date "2019.03.30"]
[Round "2.4"]
[White "Ouellet, Maili-Jade"]
[Black "Masse, Hugues"]
[Result "0-1"]
[WhiteElo "2086"]
[BlackElo "2162"]
[PlyCount "100"]
[EventDate "2019.03.29"]
[EventType "schev"]
[EventRounds "5"]
[EventCountry "CAN"]

1. d4 Nf6 2. c4 e6 3. Nf3 b6 4. g3 Ba6 5. b3 Bb7 6. Bg2 Bb4+ 7. Bd2 c5 8. Bxb4
cxb4 9. O-O O-O 10. Nbd2 d6 11. Re1 Qc7 12. e4 e5 13. Qc2 a5 14. Rad1 Nbd7 15.
Nh4 g6 16. Qb2 Rfe8 17. Nf1 Nf8 18. d5 N8d7 19. Qd2 Nc5 20. Qg5 Qd8 21. f4 exf4
22. Qxf4 Re5 23. Nf3 Rxe4 24. Qd2 Qd7 25. Nd4 Rxe1 26. Rxe1 Re8 27. Rxe8+ Qxe8
28. Qf4 Qe5 29. Nb5 Qxf4 30. gxf4 Ne8 31. Nd2 Bc8 32. Ne4 Nxe4 33. Bxe4 Bd7 34.
Nd4 Nf6 35. Bc2 Nh5 36. f5 Kg7 37. Kf2 g5 38. Nc6 Kf6 39. Nd8 Ng7 40. Nb7 Ne8
41. Nd8 Ke7 42. Nc6+ Kf6 43. Nd8 Ng7 44. Nb7 Bxf5 45. Bxf5 Nxf5 46. Kf3 h5 47.
Ke4 h4 48. Nd8 g4 49. Nc6 h3 50. Kf4 g3 0-1

[Event "Choc des Generations"]
[Site "Montreal CAN"]
[Date "2019.03.30"]
[Round "2.5"]
[White "Nikulich, Oleksandr"]
[Black "Zhong, Kevin"]
[Result "0-1"]
[WhiteElo "1986"]
[BlackElo "1967"]
[PlyCount "92"]
[EventDate "2019.03.29"]
[EventType "schev"]
[EventRounds "5"]
[EventCountry "CAN"]

1. d4 d5 2. c4 e6 3. Nc3 Nf6 4. Bg5 Be7 5. e3 h6 6. Bh4 O-O 7. cxd5 Nxd5 8. Bg3
Nxc3 9. bxc3 c5 10. Bd3 cxd4 11. exd4 Nd7 12. Qf3 Nf6 13. Ne2 Qd5 14. Qxd5 Nxd5
15. Be4 Rd8 16. Rb1 Bd6 17. Bxd6 Rxd6 18. O-O Rd7 19. Rb5 b6 20. Rc1 Ba6 21.
Rb2 Rc8 22. Bxd5 Rxd5 23. Ng3 Rxd4 24. Nf1 Rdc4 25. Rb3 Ra4 26. Rb2 Ra3 27. Rb3
Rxa2 28. Ne3 Rd8 29. c4 Rdd2 30. Rf1 f5 31. g3 Rd4 32. Rc3 f4 33. gxf4 Rxf4 34.
Rd3 Bxc4 35. Nxc4 Rxc4 36. Rd7 Rg4+ 37. Kh1 Rf4 38. Kg1 Rf7 39. Rd8+ Kh7 40.
Re8 b5 41. Rxe6 b4 42. Rb1 a5 43. Ra6 Rfxf2 44. h4 Rg2+ 45. Kh1 Rh2+ 46. Kg1
Rxh4 0-1

[Event "Choc des Generations"]
[Site "Montreal CAN"]
[Date "2019.03.30"]
[Round "3.2"]
[White "Lopez Linares, Lizandro"]
[Black "Durette, Francis"]
[Result "1-0"]
[WhiteElo "2100"]
[BlackElo "2011"]
[PlyCount "83"]
[EventDate "2019.03.29"]
[EventType "schev"]
[EventRounds "5"]
[EventCountry "CAN"]

1. d4 Nf6 2. Nf3 g6 3. Bg5 Bg7 4. Nbd2 h6 5. Bh4 O-O 6. c3 d6 7. e4 Nc6 8. Bc4
e5 9. dxe5 Nxe5 10. Nxe5 dxe5 11. Qb3 c6 12. a4 Qc7 13. f3 Ne8 14. Qc2 Nd6 15.
Ba2 Kh8 16. O-O-O b5 17. Bf2 Nb7 18. axb5 cxb5 19. Nf1 Nc5 20. Ne3 Bb7 21. Nd5
Qc8 22. Be3 Ne6 23. Rd3 Qe8 24. Qd2 h5 25. g4 hxg4 26. fxg4 Bxd5 27. Bxd5 Rc8
28. Qf2 Qe7 29. g5 b4 30. c4 Kg8 31. h4 Nc5 32. Bxc5 Rxc5 33. Rf3 Qc7 34. Kb1
Rxc4 35. h5 Rd4 36. hxg6 Rxd5 37. Qh4 Rd1+ 38. Rxd1 fxg6 39. Rh3 Rf4 40. Qh7+
Kf8 41. Rhd3 Rf7 42. Qxg6 1-0

[Event "Choc des Generations"]
[Site "Montreal CAN"]
[Date "2019.03.30"]
[Round "3.3"]
[White "Masse, Hugues"]
[Black "Tanaka, Tyler"]
[Result "0-1"]
[WhiteElo "2162"]
[BlackElo "1951"]
[PlyCount "118"]
[EventDate "2019.03.29"]
[EventType "schev"]
[EventRounds "5"]
[EventCountry "CAN"]

1. e4 c5 2. Nf3 d6 3. Bb5+ Bd7 4. Bxd7+ Qxd7 5. c4 Nf6 6. Nc3 Qg4 7. O-O Nxe4
8. Nxe4 Qxe4 9. d4 cxd4 10. Re1 Qg4 11. h3 Qd7 12. Nxd4 Nc6 13. Bg5 h6 14. Bh4
e6 15. Nf5 g5 16. Bg3 O-O-O 17. Nd4 Be7 18. f3 Kb8 19. Qd2 Ka8 20. Rad1 a6 21.
b4 d5 22. Nxc6 Qxc6 23. c5 h5 24. Qd4 Rdg8 25. a4 g4 26. fxg4 hxg4 27. h4 a5
28. Rc1 axb4 29. Qxb4 Bxh4 30. Qa5+ Qa6 31. Qc3 Bxg3 32. Qxg3 Rg6 33. c6 bxc6
34. Re3 Rgh6 35. Kf2 Rh1 36. Rxh1 Rxh1 37. Qc7 Rf1+ 38. Kg3 Rb1 39. Qxf7 Qb7
40. Qxe6 Qc7+ 41. Kf2 g3+ 42. Kf3 Rf1+ 43. Ke2 Rf2+ 44. Kd1 Rf1+ 45. Ke2 Rf2+
46. Kd3 Qh7+ 47. Kd4 Qh4+ 48. Kc5 Rc2+ 49. Kd6 Qd8+ 50. Ke5 Qg5+ 51. Kd6 Qd8+
52. Ke5 Qc7+ 53. Kf6 Rf2+ 54. Kg6 Rf8 55. Rc3 Rc8 56. Rb3 Rh8 57. Rf3 Qh7+ 58.
Kg5 Qh4+ 59. Kf5 Rh5+ 0-1

[Event "Choc des Generations"]
[Site "Montreal CAN"]
[Date "2019.03.30"]
[Round "3.4"]
[White "Ouellet, Maili-Jade"]
[Black "Nikulich, Oleksandr"]
[Result "1-0"]
[WhiteElo "2086"]
[BlackElo "1986"]
[PlyCount "85"]
[EventDate "2019.03.29"]
[EventType "schev"]
[EventRounds "5"]
[EventCountry "CAN"]

1. d4 d5 2. c4 e6 3. Nc3 Nf6 4. cxd5 exd5 5. Bg5 Be7 6. e3 c6 7. Bd3 Nbd7 8.
Qc2 Nh5 9. Bxe7 Qxe7 10. Nge2 g6 11. O-O-O Nb6 12. h3 Ng7 13. g4 Bd7 14. Kb1
O-O-O 15. Nc1 h5 16. Qe2 hxg4 17. hxg4 Qg5 18. Rhg1 Rde8 19. Rg3 Ne6 20. f4 Qf6
21. Qd2 Kb8 22. Rg2 Nc8 23. Bc2 Nd6 24. b3 Nc7 25. Nd3 g5 26. Ne5 Bc8 27. Na4
Na6 28. Bd3 Ne4 29. Bxe4 dxe4 30. fxg5 Qe7 31. Nc3 Ka8 32. Nxe4 Be6 33. Rf2
Reg8 34. Qa5 Bd5 35. Nf6 Rxg5 36. Nxd5 cxd5 37. Rxf7 Qe6 38. Rdf1 Rb8 39. Rf8
Rg8 40. R1f6 Qe7 41. Rxa6 bxa6 42. Rxg8 Qh7+ 43. Rg6 1-0

[Event "Choc des Generations"]
[Site "Montreal CAN"]
[Date "2019.03.30"]
[Round "3.5"]
[White "Zhong, Kevin"]
[Black "Soudre, Nicolas"]
[Result "1/2-1/2"]
[WhiteElo "1967"]
[BlackElo "2067"]
[PlyCount "67"]
[EventDate "2019.03.29"]
[EventType "schev"]
[EventRounds "5"]
[EventCountry "CAN"]

1. e4 e5 2. Nf3 Nc6 3. Bc4 Bc5 4. c3 Nf6 5. d3 O-O 6. O-O d5 7. exd5 Nxd5 8.
Re1 Bg4 9. h3 Bh5 10. a4 a6 11. a5 f6 12. Nbd2 Bf7 13. Ne4 Ba7 14. Nh4 Qd7 15.
Qf3 Nde7 16. Be3 Bxc4 17. dxc4 Qe6 18. Bxa7 Rxa7 19. Qe2 Raa8 20. Nc5 Qc8 21.
Red1 Rd8 22. Rxd8+ Nxd8 23. Rd1 Ne6 24. Rd7 Nxc5 25. Rxe7 Kf8 26. Qh5 Kxe7 27.
Nf5+ Kf8 28. Qxh7 Ne6 29. Qh8+ Kf7 30. Qh5+ Kf8 31. Qh8+ Kf7 32. Qh5+ Kf8 33.
Qh8+ Kf7 34. Qh5+ 1/2-1/2

[Event "Choc des Generations"]
[Site "Montreal CAN"]
[Date "2019.03.31"]
[Round "4.1"]
[White "Nikulich, Oleksandr"]
[Black "Li, Yi Lin"]
[Result "1-0"]
[WhiteElo "1986"]
[BlackElo "1924"]
[PlyCount "61"]
[EventDate "2019.03.29"]
[EventType "schev"]
[EventRounds "5"]
[EventCountry "CAN"]

1. d4 d5 2. c4 e6 3. Nf3 Nf6 4. e3 Nbd7 5. a3 c6 6. Bd3 dxc4 7. Bxc4 b5 8. Ba2
Bd6 9. O-O O-O 10. Nc3 a6 11. e4 e5 12. Bg5 Re8 13. Qb3 Qe7 14. Rad1 h6 15. Bh4
Ra7 16. Kh1 Rc7 17. Qc2 exd4 18. Nxd4 Be5 19. f4 Bxd4 20. Rxd4 Qc5 21. Bf2 Qh5
22. e5 Ng4 23. Bg1 Bb7 24. Rfd1 Nf8 25. Ne4 c5 26. Nxc5 Qh3 27. Nxb7 Qxh2+ 28.
Bxh2 Rxc2 29. R4d2 Nf2+ 30. Kg1 Nxd1 31. Rxc2 1-0

[Event "Choc des Generations"]
[Site "Montreal CAN"]
[Date "2019.03.31"]
[Round "4.2"]
[White "Durette, Francis"]
[Black "Masse, Hugues"]
[Result "0-1"]
[WhiteElo "2011"]
[BlackElo "2162"]
[PlyCount "124"]
[EventDate "2019.03.29"]
[EventType "schev"]
[EventRounds "5"]
[EventCountry "CAN"]

1. Nf3 Nf6 2. c4 c5 3. Nc3 Nc6 4. g3 d5 5. d4 e6 6. cxd5 Nxd5 7. Bg2 cxd4 8.
Nxd4 Nxc3 9. bxc3 Nxd4 10. Qxd4 Qxd4 11. cxd4 Bd6 12. O-O Rb8 13. Bb2 b6 14.
Rac1 Ba6 15. d5 f6 16. Rc2 exd5 17. Bxd5 Ke7 18. Rc3 Rhd8 19. Bf3 Bb7 20. Rfc1
Bxf3 21. Rxf3 Bc5 22. Ba3 Bxa3 23. Rxa3 Rb7 24. Rc2 Rdd7 25. Rc8 Rdc7 26. Ra8
Kd6 27. Kg2 Kc5 28. Rd8 b5 29. Kf3 Kb6 30. Rd6+ Rc6 31. Rxc6+ Kxc6 32. Rc3+ Kb6
33. Rc2 a5 34. e4 b4 35. Ke2 a4 36. Rb2 Kc5 37. Rc2+ Kb5 38. Rb2 b3 39. Kd2 Kc4
40. axb3+ axb3 41. Kc1 Kd3 42. Rd2+ Kxe4 43. f4 b2+ 44. Kb1 Kf3 45. Rc2 Kg4 46.
Rd2 Kh3 47. Re2 h5 48. Rd2 h4 49. gxh4 Kxh4 50. Rg2 Kh3 51. Rd2 Kg4 52. Rf2 Kf5
53. Rf1 Rb4 54. Rg1 Rb7 55. Rf1 g6 56. Rf2 Rb6 57. Rf1 Ke4 58. Rg1 f5 59. Rf1
Ke3 60. h3 Ke2 61. Rg1 Kf3 62. Rf1+ Kg2 0-1

[Event "Choc des Generations"]
[Site "Montreal CAN"]
[Date "2019.03.31"]
[Round "4.3"]
[White "Tanaka, Tyler"]
[Black "Lopez Linares, Lizandro"]
[Result "1/2-1/2"]
[WhiteElo "1951"]
[BlackElo "2100"]
[PlyCount "88"]
[EventDate "2019.03.29"]
[EventType "schev"]
[EventRounds "5"]
[EventCountry "CAN"]

1. e4 d5 2. exd5 Qxd5 3. Nc3 Qa5 4. d4 c6 5. Bc4 Nf6 6. Bd2 Bf5 7. Nf3 e6 8.
Nd5 Qd8 9. Nxf6+ gxf6 10. Bb3 Bd6 11. Qe2 Qe7 12. Nh4 Bg6 13. O-O-O Nd7 14. g3
O-O-O 15. Nxg6 hxg6 16. h4 Rh7 17. c4 Kb8 18. Kb1 a6 19. Rhe1 Qf8 20. a3 Rh5
21. Bc3 Ka8 22. Bc2 Rc8 23. Be4 Kb8 24. Bg2 Qd8 25. Qf3 Rf5 26. Qe2 Rh5 27. Qd2
f5 28. f4 Rh7 29. d5 exd5 30. cxd5 c5 31. Bf3 c4 32. Bd4 Nc5 33. Bxc5 Rxc5 34.
Re3 Rh8 35. Rde1 Qb6 36. Qc3 Rhc8 37. Re8 Ka7 38. Ka1 Rxe8 39. Rxe8 Rb5 40. Qh8
Qc7 41. Ra8+ Kb6 42. Rc8 Qe7 43. Re8 Qc7 44. Rc8 Qe7 1/2-1/2

[Event "Choc des Generations"]
[Site "Montreal CAN"]
[Date "2019.03.31"]
[Round "4.4"]
[White "Soudre, Nicolas"]
[Black "Ouellet, Maili-Jade"]
[Result "0-1"]
[WhiteElo "2067"]
[BlackElo "2086"]
[PlyCount "58"]
[EventDate "2019.03.29"]
[EventType "schev"]
[EventRounds "5"]
[EventCountry "CAN"]

1. e4 d5 2. Nc3 d4 3. Nce2 e5 4. Ng3 Be6 5. c3 c5 6. Qa4+ Qd7 7. Bb5 Nc6 8. Nf3
f6 9. Bxc6 bxc6 10. d3 Ne7 11. c4 Ng6 12. h3 h5 13. Nf5 Bxf5 14. exf5 Ne7 15.
Nh4 Rc8 16. b3 Rh7 17. Ng6 Qxf5 18. Nxf8 Qxd3 19. Nxh7 Qc3+ 20. Kd1 Qxa1 21.
Qxa7 Qb1 22. Qxc5 Ra8 23. a3 Qxb3+ 24. Ke1 Ra4 25. Bd2 Rxa3 26. f3 Ra2 27. Rf1
Qd3 28. Qb4 Ra1+ 29. Kf2 Rxf1+ 0-1

[Event "Choc des Generations"]
[Site "Montreal CAN"]
[Date "2019.03.31"]
[Round "4.5"]
[White "Zhong, Kevin"]
[Black "Tremblay, Rejean"]
[Result "1/2-1/2"]
[WhiteElo "1967"]
[BlackElo "2146"]
[PlyCount "40"]
[EventDate "2019.03.29"]
[EventType "schev"]
[EventRounds "5"]
[EventCountry "CAN"]

1. e4 c5 2. Ne2 Nf6 3. Nbc3 d6 4. g3 g6 5. Bg2 Bg7 6. O-O O-O 7. d3 Nc6 8. f4
Bd7 9. h3 Rb8 10. g4 b5 11. Ng3 a5 12. f5 a4 13. Rb1 Ne8 14. Nce2 b4 15. g5 Nc7
16. h4 Nb5 17. h5 a3 18. b3 Ncd4 19. Bd2 Nxe2+ 20. Nxe2 Nd4 1/2-1/2